| 000 | 00494nam a22001697a 4500 | ||
|---|---|---|---|
| 999 |
_c10087 _d10087 |
||
| 003 | AR-CdUCM | ||
| 008 | 190329b ||||| |||| 00| 0 spa d | ||
| 040 |
_aMUNICIPALIDAD PROVINCIAL DEL CUSCO _cBIBLIOTECA MUNICIPAL DEL CUSCO |
||
| 082 |
_aEP / 808.8 / _bI82 |
||
| 100 |
_aIssacs, Jorge _926744 |
||
| 245 |
_aMaria : _bnovela americana / |
||
| 260 |
_aLima : _bMercurio, _c1990. |
||
| 300 |
_a154 páginas ; _c17 cm. |
||
| 650 |
_aObras literarias. _9403 |
||
| 942 |
_2ddc _cLIBROS |
||
| 945 | _awfj | ||